| 000 | 00601nam a2200193Ia 4500 | ||
|---|---|---|---|
| 999 |
_c8736 _d8736 |
||
| 003 | OSt | ||
| 005 | 20201008100232.0 | ||
| 008 | 190216s9999||||xx |||||||||||||| ||und|| | ||
| 020 | _a8190082876 | ||
| 040 | _coclc | ||
| 082 |
_a004.165 _bGAO/M |
||
| 100 |
_aGaonkar, Ramesh S _94715 |
||
| 245 | 0 |
_aMicroprocessor, Architecture,Programming And Applications With The 8085 / _cRamesh S Gaonkar |
|
| 250 | _a4th Ed. | ||
| 260 |
_bPenram International Publishing India, _c2000. _aMumbai: |
||
| 300 | _a788p | ||
| 650 | _aPhysics | ||
| 942 |
_cBK _2ddc _h004.165 _iGAO/M _k004.165 _mGAO/M |
||